Statistics for Столицы стран Северной Америки

Click here to take the quiz!

General Stats

  • This quiz has been taken 17 times
  • The average score is 15 of 23

Answer Stats

СтранаСтолица% Correct
11КанадаОттава
100%
21Соединённые Штаты АмерикиОкруг Колумбия
89%
16ПанамаПанама
89%
14МексикаМехико
89%
13КубаГавана
89%
17СальвадорСан-Сальвадор
78%
23ЯмайкаКингстон
67%
15НикарагуаМанагуа
67%
2БагамыНассау
67%
12Коста-РикаСан-Хосе
67%
10ДоминиканаСанто-Доминго
67%
7ГондурасТегусигальпа
67%
6ГватемалаГватемала
67%
5ГаитиПорт-о-Пренс
67%
4БелизБельмопан
67%
8ГренадаСент-Джорджес
56%
18Сент-Винсент и ГренадиныКингстаун
56%
3БарбадосБриджтаун
56%
22Тринидад и ТобагоПорт-оф-Спейн
56%
9ДоминикаРозо
44%
20Сент-ЛюсияКастри
44%
1Антигуа и БарбудаСент-Джонс
44%
19Сент-Китс и НевисБастер
33%

Score Distribution

Percentile by Number Answered

Percent of People with Each Score

Your Score History

You have not taken this quiz